Rail Systems in Britain - Statistics

General Stats
  • This quiz has been taken 717 times
  • The average score is 9 of 14
Answer Stats
Hint Answer % Correct
Heavy Rail Metro 270 London Underground
90%
Light Rail / Tram 42 Manchester Metrolink
80%
Heavy Rail Metro 15 Glasgow Subway
72%
Airport Rail link 3 Heathrow Express
70%
Heavy Rail Metro 60 Tyne and Wear Metro
70%
Heavy Rail Metro 67 Merseyrail
67%
Light Rail / Tram 23 Midland Metro
64%
High Speed Rail 4 Eurostar
62%
Heavy Rail Lots National Rail / Network Rail (ex British Rail)
62%
Light Rail / Tram 48 Sheffield Supertram
60%
Light Rail / Tram 23 Nottingham Express Transit
55%
Light Rail / Tram 45 Docklands Light Railway
43%
Light Rail / Tram 39 London Tramlink
41%
Light Rail / Tram 61 Blackpool tramway
33%
No matching quizzes found
Score Distribution
Percent of People with Each Score
Percentile by Number Answered
Your Score History
You have not taken this quiz